Turbulence (Record no. 5373)

000 -LEADER
fixed length control field 00511nam a2200205 i 4500
001 - CONTROL NUMBER
control field 5373
003 - CONTROL NUMBER IDENTIFIER
control field BD-DhUET
008 - FIXED-LENGTH DATA ELEMENTS--GENERAL INFORMATION
fixed length control field 750220s1975 nyua b 001 0 eng
020 ## - INTERNATIONAL STANDARD BOOK NUMBER
International Standard Book Number 0070290377
040 ## - CATALOGING SOURCE
Original cataloging agency DLC
Transcribing agency DLC
Modifying agency BD-DhUET
082 00 - DEWEY DECIMAL CLASSIFICATION NUMBER
Classification number 532.56
Item number HIN/1975
100 1# - MAIN ENTRY--PERSONAL NAME
Personal name Hinze, J. O.
245 00 - TITLE STATEMENT
Title Turbulence
250 ## - EDITION STATEMENT
Edition statement 2nd ed.
260 ## - PUBLICATION, DISTRIBUTION, ETC. (IMPRINT)
Place of publication, distribution, etc. New York
Name of publisher, distributor, etc. McGraw-Hill
Date of publication, distribution, etc. 1975
300 ## - PHYSICAL DESCRIPTION
Extent x,790p.
Other physical details ill.
Dimensions 24 cm.
490 0# - SERIES STATEMENT
Series statement McGraw-Hill series in mechanical engineering
650 #0 - SUBJECT ADDED ENTRY--TOPICAL TERM
Topical term or geographic name as entry element Turbulence
942 ## - ADDED ENTRY ELEMENTS (KOHA)
Koha item type General Book
Holdings
Source of classification or shelving scheme Koha normalized classification for sorting Date acquired Piece designation (barcode) Sublocation or collection (holding branch) Koha date last borrowed Copy number Koha full call number Price effective from Koha issues (times borrowed) Damaged status Withdrawn status Koha date last seen Location (home branch) Koha item type Shelving location Not for loan Lost status
 532_560000000000000_HIN_19752014-11-2663813Central Library, BUET 1532.56/HIN/19752014-11-26   2014-11-26Central Library, BUETGeneral BookCirculation section  
 532_560000000000000_HIN_19752014-11-2663816Central Library, BUET 2532.56/HIN/19752014-11-26   2014-11-26Central Library, BUETGeneral BookCirculation section  
 532_560000000000000_HIN_19752014-12-0744334Central Library, BUET 3532.56/HIN/19752014-12-07   2014-12-07Central Library, BUETGeneral BookCirculation section  
 532_560000000000000_HIN_19752014-12-0763807Central Library, BUET 4532.56/HIN/19752014-12-07   2014-12-07Central Library, BUETGeneral BookCirculation section  
 532_560000000000000_HIN_19752014-12-0763812Central Library, BUET2015-03-255532.56/HIN/19752014-12-071  2015-03-29Central Library, BUETGeneral BookCirculation section  
 532_560000000000000_HIN_19752014-12-0763805Central Library, BUET 6532.56/HIN/19752014-12-07   2014-12-07Central Library, BUETGeneral BookCirculation section  
 532_560000000000000_HIN_19752014-12-0763810Central Library, BUET 7532.56/HIN/19752014-12-07   2014-12-07Central Library, BUETGeneral BookCirculation section  
 532_560000000000000_HIN_19752014-12-0763808Central Library, BUET 8532.56/HIN/19752014-12-07   2014-12-07Central Library, BUETGeneral BookCirculation section  
 532_560000000000000_HIN_19752014-12-0763809Central Library, BUET 9532.56/HIN/19752014-12-07   2014-12-07Central Library, BUETGeneral BookCirculation section  
 532_560000000000000_HIN_19752014-12-0763806Central Library, BUET2022-11-1410532.56/HIN/19752014-12-071  2023-02-28Central Library, BUETGeneral BookCirculation section  
 532_560000000000000_HIN_19752014-12-0763815Central Library, BUET2015-05-2611532.56/HIN/19752014-12-071  2015-09-14Central Library, BUETGeneral BookCirculation section  
 532_560000000000000_HIN_19752015-03-0939158Central Library, BUET 12532.56/HIN/19752015-03-09   2015-03-09Central Library, BUETGeneral BookCirculation section  
 532_560000000000000_HIN_19752015-06-0758968Central Library, BUET 13532.56/HIN/19752015-06-07   2015-06-07Central Library, BUETReading ItemReading section  
 532_560000000000000_HIN_19752015-06-0760653Central Library, BUET 14532.56/HIN/19752015-06-07   2015-06-07Central Library, BUETReading ItemReading section  
 532_560000000000000_HIN_19752015-06-2352729Central Library, BUET 15532.56/HIN/19752015-06-23   2015-06-23Central Library, BUETReading ItemReading section  
 532_560000000000000_HIN_19751985-06-2963811Central Library, BUET2024-11-2716532.56 HIN/19752024-11-161  2024-11-27Central Library, BUETGeneral BookCirculation section  
 532_560000000000000_HIN_19752024-11-16 Central Library, BUET  532.56 HIN/19752024-11-16   2024-11-16Central Library, BUETGeneral Book   
 532_560000000000000_HIN_19752025-09-0339159Central Library, BUET 18532.56 HIN/19752024-11-16   2024-11-16Central Library, BUETGeneral BookCirculation section